ASEAN Countries on a Map - Statistics

General Stats
  • This quiz has been taken 289 times
  • The average score is 10 of 12
Answers on the Map
Answers color-coded by a green-red scale on the quiz's map according to % correct below.
 
Answer Stats
Member % Correct
Indonesia
98%
Malaysia
96%
Laos
95%
Philippines
93%
Thailand
93%
Cambodia
92%
Vietnam
92%
Myanmar
90%
Brunei
80%
Singapore
79%
East Timor
74%
Papua New Guinea
59%
No matching quizzes found
Score Distribution
Percent of People with Each Score
Percentile by Number Answered
Your Score History
You have not taken this quiz